Normal view MARC view
  • PREP,TEST

Entry Personal Name

Number of records used in: 1

001 - CONTROL NUMBER

  • control field: 132492

003 - CONTROL NUMBER IDENTIFIER

  • control field: NUST

005 - DATE AND TIME OF LATEST TRANSACTION

  • control field: 20251219120124.0

008 - FIXED-LENGTH DATA ELEMENTS

  • fixed length control field: 251219|| aca||aabn | a|a d

040 ## - CATALOGING SOURCE

  • Original cataloging agency: NUST
  • Transcribing agency: NUST

100 ## - HEADING--PERSONAL NAME

  • Personal name: PREP,TEST

670 ## - SOURCE DATA FOUND

  • Source citation: Work cat.: (NUST): PREP,TEST., LSAT PACING PRACTICE /, 2009.
© 2023 Central Library, National University of Sciences and Technology. All Rights Reserved.